[Event "38th Olympiad"]
[Site "Dresden GER"]
[Date "2008.11.25"]
[Round "11"]
[White "Sepp,O"]
[Black "Baumegger,S"]
[Result "1/2-1/2"]
[WhiteElo "2448"]
[BlackElo "2445"]
[EventDate "2008.11.13"]

1. Nf3 Nf6 2. g3 b6 3. Bg2 Bb7 4. O-O e6 5. c4 Be7 6. Nc3 O-O 7. Re1 d5 8.
cxd5 exd5 9. d4 Nbd7 10. Bg5 Ne4 11. Bxe7 Qxe7 12. Rc1 Ndf6 13. e3 c5 14.
Ne5 Qe6 15. Nd3 Rfd8 16. Nf4 Qe7 17. dxc5 bxc5 18. Nxe4 dxe4 19. Qc2 g5 20.
Ne2 Rac8 21. Nc3 Rd3 22. b3 Qd6 23. Nb5 Qa6 24. a4 Qb6 25. Rb1 Rcd8 26. Na3
Qb4 27. Nc4 Rc3 28. Qb2 Bd5 29. Rec1 Rxc1+ 30. Rxc1 Ng4 31. h3 Bxc4 32.
hxg4 Qxb3 33. Qxb3 Bxb3 34. Rxc5 Rd1+ 35. Kh2 Rd5 36. Rc3 Bxa4 37. Bxe4 Re5
38. Bd3 Rd5 39. Ra3 Bc6 40. Be4 Rc5 41. Bxc6 Rxc6 42. Rxa7 Rc4 43. Kh3 Kg7
44. f4 Rc2 45. Ra5 h6 46. fxg5 hxg5 47. Rxg5+ Kh6 48. Rg8 Kh7 49. Re8 Kg6
50. Re5 f6 51. Re7 Re2 52. g5 Kxg5 53. g4 Re1 54. Kg3 f5 55. Kf2 Ra1 56.
gxf5 Kxf5 57. Rf7+ Ke5 58. Rf8 Rb1 59. Ra8 Rc1 1/2-1/2

[Event "38th Olympiad"]
[Site "Dresden GER"]
[Date "2008.11.25"]
[Round "11"]
[White "Saric,Ib"]
[Black "Khruschiov,A"]
[Result "1/2-1/2"]
[WhiteElo "2559"]
[BlackElo "2499"]
[EventDate "2008.11.13"]

1. d4 d5 2. c4 e6 3. Nc3 Nf6 4. cxd5 exd5 5. Bg5 c6 6. e3 Be7 7. Bd3 Nbd7
8. Qc2 Nh5 9. Bxe7 Qxe7 10. Nge2 g6 11. O-O-O Nb6 12. h3 Ng7 13. Ng3 h5 14.
h4 Bg4 15. Rde1 O-O-O 16. Kb1 Kb8 17. Na4 Nxa4 18. Qxa4 Qf6 19. Qc2 Rhe8
20. Ka1 Re7 21. b4 Rc7 22. Rc1 Ne8 23. Qb2 Rdc8 24. Rc2 Nd6 25. a4 Qe7 26.
Rc3 Be6 27. Rc2 Bg4 28. Rc3 Be6 29. Rc2 Bg4 30. Rc3 Be6 1/2-1/2

[Event "38th Olympiad"]
[Site "Dresden GER"]
[Date "2008.11.25"]
[Round "11"]
[White "Sanduleac,V"]
[Black "Stojanovic,Da"]
[Result "1/2-1/2"]
[WhiteElo "2443"]
[BlackElo "2455"]
[EventDate "2008.11.13"]

1. e4 e5 2. Nf3 Nc6 3. Bc4 Nf6 4. d3 Bc5 5. c3 a6 6. Bb3 Ba7 7. Nbd2 d6 8.
Nc4 h6 9. Be3 b5 10. Ncd2 O-O 11. O-O Bb6 12. a4 Rb8 13. Qe2 Na5 14. Bc2 b4
15. d4 bxc3 16. bxc3 Ng4 17. Bd3 Ra8 18. h3 Nxe3 19. fxe3 Qe7 20. Kh1 c6
21. Qf2 Bc7 22. Nh4 Rb8 23. Nf5 Bxf5 24. Qxf5 Nb3 25. Ra2 Nxd2 26. Rxd2 Rb3
27. dxe5 Qxe5 28. Qxe5 dxe5 29. Bxa6 Rxc3 30. Rd3 Rxd3 31. Bxd3 Ra8 32. Bc2
Kf8 33. Bb3 f6 34. Rc1 Ra6 35. Kh2 Ke7 36. Kg3 Ba5 37. Kf3 Rb6 38. Bg8 Rb8
39. Bh7 Kd6 40. Rd1+ Kc7 41. Bf5 Rd8 42. Rxd8 Kxd8 43. Ke2 1/2-1/2

[Event "38th Olympiad"]
[Site "Dresden GER"]
[Date "2008.11.25"]
[Round "11"]
[White "Hansen,LB"]
[Black "Nyback,T"]
[Result "1/2-1/2"]
[WhiteElo "2570"]
[BlackElo "2634"]
[EventDate "2008.11.13"]

1. d4 d5 2. Nf3 Nf6 3. c4 c6 4. cxd5 cxd5 5. Nc3 Nc6 6. Bf4 Bf5 7. e3 e6 8.
Qb3 Bb4 9. Bb5 O-O 10. Bxc6 Bxc3+ 11. Qxc3 Rc8 12. Ne5 Ng4 13. Nxg4 Bxg4
14. Qb4 Rxc6 15. Qxb7 Qc8 16. Qxc8 Rfxc8 17. O-O Be2 18. Rfe1 Rc2 19. b3
Rb2 20. Rec1 Rxc1+ 21. Rxc1 h6 22. Ra1 Bd3 23. Bd6 Bb1 24. Ba3 Rxa2 25.
Rxa2 Bxa2 26. Bc5 a5 27. Bb6 f6 28. f3 Bxb3 29. Bxa5 Kf7 30. Kf2 g5 1/2-1/2

[Event "38th Olympiad"]
[Site "Dresden GER"]
[Date "2008.11.25"]
[Round "11"]
[White "Sammalvuo,T"]
[Black "Nielsen,PH"]
[Result "0-1"]
[WhiteElo "2464"]
[BlackElo "2662"]
[EventDate "2008.11.13"]

1. d4 Nf6 2. c4 g6 3. Nc3 d5 4. Nf3 Bg7 5. e3 O-O 6. Be2 c5 7. O-O cxd4 8.
exd4 Nc6 9. h3 Bf5 10. Be3 dxc4 11. Bxc4 Rc8 12. a3 Ne4 13. Ba2 Nxc3 14.
bxc3 Na5 15. Re1 Rxc3 16. Bd2 Rd3 17. Bb1 Rxd2 18. Nxd2 Qxd4 19. Ra2 Be6
20. Rc2 Nc6 21. Qf3 Rd8 22. Ne4 Bd5 23. Ba2 Ne5 24. Qe3 Nd3 25. Qxd4 Bxd4
26. Rd2 Bxa2 27. Rxd3 Bc4 28. Rd2 e5 29. Nf6+ Kg7 30. Ne8+ Kf8 31. Nf6 Ke7
32. Ng4 f6 33. Rc1 b5 34. a4 a6 35. Rcc2 Rd7 36. axb5 axb5 37. Ne3 Be6 38.
Kf1 b4 39. Rc1 b3 40. Nd1 Ra7 41. Ke1 Ra2 42. Rc7+ Kd6 43. Rxh7 Bd5 44. Rh8
Bxg2 45. Rb8 Bd5 46. h4 Ra1 47. Ke2 Bc4+ 48. Kf3 Ra2 49. Ne3 Kc7 50. Nxc4
Kxb8 51. Rd3 Rxf2+ 52. Ke4 b2 53. Rb3+ Kc7 54. Kd5 Rf1 55. Na3 Ra1 56. Nb5+
Kd7 0-1

[Event "38th Olympiad"]
[Site "Dresden GER"]
[Date "2008.11.25"]
[Round "11"]
[White "Schandorff,L"]
[Black "Agopov,M"]
[Result "1/2-1/2"]
[WhiteElo "2520"]
[BlackElo "2449"]
[EventDate "2008.11.13"]

1. d4 Nf6 2. c4 g6 3. Nc3 d5 4. Bg5 Ne4 5. Bh4 Nxc3 6. bxc3 Bg7 7. e3 c5 8.
cxd5 cxd4 9. cxd4 Qxd5 10. Nf3 Nc6 11. Be2 O-O 12. O-O Bf5 13. Nd2 Rfe8 14.
Bf3 Qa5 15. Nb3 Qb6 16. Rc1 Rad8 17. Qe2 h6 18. Rfd1 g5 19. Bg3 Bg6 20. h4
e5 21. Bxc6 bxc6 22. Bxe5 Bxe5 23. dxe5 Rxd1+ 24. Qxd1 Rxe5 25. hxg5 hxg5
26. Qd6 Rd5 27. Qe7 Kg7 28. Nc5 Qb2 29. Ne6+ Kh6 30. Qf8+ Kh7 31. Rxc6 Qe5
32. Nd4 Rxd4 33. exd4 Qe1+ 34. Kh2 Qxf2 35. Rc3 g4 36. Rg3 Qxd4 37. Qe7 Kg8
38. Qe8+ Kg7 39. Qe3 Qd7 40. Qe5+ f6 41. Qf4 Bf5 42. Rc3 Kg6 43. Rc7 Qe6
44. Rxa7 Qe1 45. Rc7 Qh4+ 46. Kg1 Qe1+ 47. Kh2 Qh4+ 48. Kg1 Qe1+ 49. Qf1
Qa5 50. Qc4 Qe1+ 51. Qf1 Qa5 52. Qc1 Qxa2 53. Qf4 Qe2 54. Qf2 Qd1+ 55. Kh2
Qd6+ 56. Qg3 Qd2 57. Rc3 Qh6+ 58. Kg1 Qd2 59. Re3 Qd4 60. Kh2 Kg5 61. Re8
Bg6 62. Rg8 f5 63. Qc7 f4 64. Qd8+ Qf6 65. Kg1 Qxd8 66. Rxd8 Be4 67. g3
fxg3 68. Re8 1/2-1/2

[Event "38th Olympiad"]
[Site "Dresden GER"]
[Date "2008.11.25"]
[Round "11"]
[White "Karttunen,M"]
[Black "Glud,J"]
[Result "1-0"]
[WhiteElo "2411"]
[BlackElo "2441"]
[EventDate "2008.11.13"]

1. c4 Nf6 2. Nc3 c6 3. e4 d5 4. e5 Ne4 5. Nf3 Bg4 6. h3 Nxc3 7. bxc3 Bxf3
8. Qxf3 e6 9. Qg3 Nd7 10. cxd5 cxd5 11. Rb1 Qc7 12. Be2 g6 13. h4 O-O-O 14.
d4 Nb6 15. Bg5 Be7 16. Bxe7 Qxe7 17. Rb4 Kb8 18. O-O Rc8 19. Rfb1 Rc7 20.
a4 Rhc8 21. Qf4 Ka8 22. a5 Nd7 23. c4 Nb8 24. cxd5 exd5 25. Rb5 Rd8 26. Bf3
Qe6 27. Qg5 Nc6 28. Rc5 Re7 29. Bg4 h6 30. Qf4 g5 31. Bxe6 gxf4 32. Bxd5
Red7 33. Bxc6 bxc6 34. Rxc6 Rxd4 35. Rxh6 f3 36. gxf3 Rf4 37. Rb3 Rf5 38.
Re3 Kb7 39. a6+ Kc7 40. Rc3+ Kd7 41. Rd3+ Ke7 42. Rxd8 Kxd8 43. Rf6 1-0

[Event "38th Olympiad"]
[Site "Dresden GER"]
[Date "2008.11.25"]
[Round "11"]
[White "Moradiabadi,E"]
[Black "Bakalarz,M"]
[Result "1-0"]
[WhiteElo "2499"]
[BlackElo "2330"]
[EventDate "2008.11.13"]

1. Nf3 Nf6 2. c4 g6 3. Nc3 d5 4. cxd5 Nxd5 5. g3 Nxc3 6. bxc3 Bg7 7. Bg2 c5
8. Rb1 Qa5 9. a4 O-O 10. O-O Bd7 11. Rxb7 Bxa4 12. Qe1 Nc6 13. Ba3 Rab8 14.
Rxb8 Rxb8 15. Qa1 c4 16. e3 e5 17. Bd6 Rb3 18. Ng5 Qb5 19. Ne4 Rb2 20. Ba3
Rc2 21. Nd6 Qb3 22. Bc5 Rxd2 23. Bxc6 Bxc6 24. Qxa7 Rxd6 25. Bxd6 h5 26.
Qc7 Qb7 27. Qxb7 Bxb7 28. Rb1 Be4 29. Rb8+ Kh7 30. Re8 f6 31. f4 Bc6 32.
Rc8 Bd5 33. fxe5 fxe5 34. Rc5 Be6 35. Bxe5 Bf8 36. Rc7+ Kg8 37. Kf2 Bd5 38.
e4 Bxe4 39. Rxc4 Bf5 40. Rc7 Ba3 41. Ke3 Kf8 42. Kd4 Ke8 43. Ra7 Be7 44. c4
h4 45. c5 hxg3 46. hxg3 Bc8 47. c6 Bg5 48. Ra8 Kd8 49. Kc5 Be7+ 50. Kb6 1-0

[Event "38th Olympiad"]
[Site "Dresden GER"]
[Date "2008.11.25"]
[Round "11"]
[White "Brittner,S"]
[Black "Bagheri,A"]
[Result "1/2-1/2"]
[WhiteElo "2218"]
[BlackElo "2490"]
[EventDate "2008.11.13"]

1. d4 d5 2. c4 c6 3. Nf3 Nf6 4. e3 Bf5 5. Nc3 e6 6. Nh4 Bg4 7. Qb3 Qc7 8.
h3 Bh5 9. g4 Bg6 10. Bg2 Be7 11. Nxg6 hxg6 12. Bd2 Nbd7 13. O-O-O Nb6 14.
cxd5 exd5 15. Kb1 Rf8 16. e4 dxe4 17. g5 Nfd5 18. Bxe4 O-O-O 19. a4 Kb8 20.
a5 Nxc3+ 21. bxc3 Nc8 22. a6 Qb6 23. Qxb6 axb6 24. axb7 Kxb7 25. Kc2 Nd6
26. Bd3 Rd7 27. h4 Ra8 28. Ra1 Rxa1 29. Rxa1 b5 30. Rh1 Bd8 1/2-1/2

[Event "38th Olympiad"]
[Site "Dresden GER"]
[Date "2008.11.25"]
[Round "11"]
[White "Mahjoob,M"]
[Black "Jeitz,C"]
[Result "1-0"]
[WhiteElo "2507"]
[BlackElo "2251"]
[EventDate "2008.11.13"]

1. e4 c5 2. Nf3 Nc6 3. Bb5 g6 4. O-O Bg7 5. Bxc6 dxc6 6. h3 e5 7. d3 Qe7 8.
Nc3 Nf6 9. Be3 Nd7 10. Qc1 Nf8 11. Bh6 Bxh6 12. Qxh6 f6 13. Nh4 g5 14. Nf5
Bxf5 15. exf5 O-O-O 16. Ne4 Nd7 17. a3 Kc7 18. b4 cxb4 19. axb4 a6 20. Rab1
Ra8 21. c4 b6 22. Qh5 a5 23. b5 c5 24. Nc3 Kb8 25. Nd5 Qg7 26. Rfe1 Rc8 27.
Re3 Ra7 28. h4 Rb7 29. Rbe1 Rf8 30. Rg3 h6 31. Rh3 Rf7 32. hxg5 hxg5 33.
Kf1 Ka7 34. Qh6 Qxh6 35. Rxh6 Rb8 36. Ke2 Kb7 37. Reh1 Rbf8 38. Rh7 Kc8 39.
Rxf7 Rxf7 40. Rh8+ Kb7 41. Kf3 Rg7 42. g3 Rf7 43. Rh6 Rf8 44. Rh7 Kc8 45.
Ke4 Kd8 46. Re7 a4 47. Rh7 Kc8 48. Rh1 Kb7 49. Ra1 Ra8 50. Ra3 Rh8 51. Rxa4
Rh1 52. Ne3 Nf8 53. Ra2 Rb1 54. Kd5 Rb3 55. Rd2 Kc7 56. Ng4 1-0

[Event "38th Olympiad"]
[Site "Dresden GER"]
[Date "2008.11.25"]
[Round "11"]
[White "Kojima,S"]
[Black "Buhmann,R"]
[Result "0-1"]
[WhiteElo "2272"]
[BlackElo "2541"]
[EventDate "2008.11.13"]

1. Nf3 d5 2. d4 Nf6 3. c4 c6 4. e3 a6 5. Bd3 Bg4 6. Nbd2 Nbd7 7. Qc2 e6 8.
b3 Bxf3 9. Nxf3 Bb4+ 10. Ke2 Qe7 11. Bb2 Ba3 12. Bc3 Bb4 13. Bb2 Bd6 14.
Rhd1 O-O 15. Kf1 Rfe8 16. h3 e5 17. dxe5 Nxe5 18. Nxe5 Bxe5 19. cxd5 Bxb2
20. Qxb2 Nxd5 21. Bc4 Nf6 22. Be2 Ne4 23. Bf3 Rad8 24. Bxe4 Qxe4 25. Rd2
Rd5 26. Rad1 Red8 27. Rxd5 Rxd5 28. Rxd5 Qxd5 29. Qd4 Qxd4 30. exd4 f5 31.
f4 Kf7 32. Ke2 Ke6 33. Kd3 Kd5 34. Ke3 a5 35. Kd3 h6 36. g3 h5 37. h4 g6
38. a3 b6 39. Ke3 a4 40. bxa4 Kc4 41. a5 bxa5 42. a4 Kc3 0-1

[Event "38th Olympiad"]
[Site "Dresden GER"]
[Date "2008.11.25"]
[Round "11"]
[White "Prusikin,M"]
[Black "Baba,M"]
[Result "1-0"]
[WhiteElo "2538"]
[BlackElo "2220"]
[EventDate "2008.11.13"]

1. Nf3 Nf6 2. c4 g6 3. Nc3 d5 4. cxd5 Nxd5 5. Qa4+ Bd7 6. Qh4 Nxc3 7. bxc3
Bg7 8. Rb1 b6 9. d4 h6 10. e4 c5 11. Be2 Nc6 12. Be3 cxd4 13. cxd4 e5 14.
Qxd8+ Rxd8 15. d5 Nd4 16. Nxd4 exd4 17. Bf4 O-O 18. O-O Rc8 19. Rbc1 Ba4
20. Bc7 d3 21. Bxd3 Bb2 22. Ba6 Bxc1 23. Bxc8 Ba3 24. Bh3 f5 25. e5 Rc8 26.
d6 Kf7 27. g3 Ke6 28. Bg2 Bc5 29. Kh1 g5 30. f4 Rf8 31. h3 Rg8 32. g4 gxf4
33. Rxf4 Bc2 34. gxf5+ Bxf5 35. Bf1 Be4+ 36. Rxe4 Rg1+ 37. Kh2 Rxf1 38. Rg4
Be3 39. Rg6+ Kd7 40. e6+ Kc6 41. e7 Bf4+ 42. Kg2 Re1 43. Rg8 Kd5 1-0

[Event "38th Olympiad"]
[Site "Dresden GER"]
[Date "2008.11.25"]
[Round "11"]
[White "Uesugi,S"]
[Black "Jorczik,J"]
[Result "0-1"]
[WhiteElo "2222"]
[BlackElo "2382"]
[EventDate "2008.11.13"]

1. Nf3 Nf6 2. g3 g6 3. Bg2 Bg7 4. O-O O-O 5. d4 d6 6. c4 Nbd7 7. Nc3 e5 8.
e3 Re8 9. b3 c6 10. a4 e4 11. Nd2 d5 12. cxd5 cxd5 13. Nb5 Nb8 14. Ba3 Bf8
15. Bxf8 Kxf8 16. f3 Kg7 17. fxe4 Nxe4 18. Bxe4 dxe4 19. Nc4 Bh3 20. Rf4 f5
21. d5 Na6 22. Rh4 Bg4 23. Qd4+ Kg8 24. d6 h5 25. Qd5+ Kh8 26. h3 Qf6 27.
Qd4 Qxd4 28. Nxd4 g5 29. hxg4 gxh4 30. Nxf5 hxg4 31. gxh4 Nc5 32. Kg2 Rf8
33. Ne7 Kg7 34. Kg3 Kf7 35. Kxg4 Ke6 36. h5 Rf2 37. Ng6 Nd7 38. Nf4+ Kf6
39. Ng6 Rg8 40. Rd1 Ke6 41. Kg5 Nf6 42. Kh6 Rf5 43. Rh1 Ng4+ 0-1

[Event "38th Olympiad"]
[Site "Dresden GER"]
[Date "2008.11.25"]
[Round "11"]
[White "Heimann,An"]
[Black "Sano,T"]
[Result "1-0"]
[WhiteElo "2428"]
[BlackElo "2111"]
[EventDate "2008.11.13"]

1. e4 e5 2. Nf3 Nc6 3. Bc4 Nf6 4. d3 Be7 5. O-O O-O 6. Re1 d6 7. a4 Kh8 8.
c3 Ng8 9. d4 exd4 10. Nxd4 Bd7 11. Bf4 Bg5 12. Qd2 Bxf4 13. Qxf4 Qf6 14.
Qxf6 Nxf6 15. Nd2 Kg8 16. a5 a6 17. f3 Ne5 18. Bf1 Rfe8 19. c4 Nh5 20. Nb1
Nc6 21. Nxc6 Bxc6 22. Nc3 Nf4 23. b4 Ne6 24. Red1 Red8 25. Kf2 Kf8 26. g3
g6 27. Ra2 Kg7 28. Nd5 Rac8 29. Rad2 Bd7 30. Nc3 Bc6 31. Bh3 Bd7 32. e5 Nf8
33. Bxd7 Nxd7 34. exd6 c5 35. b5 Ne5 36. bxa6 bxa6 37. Ne4 Nxc4 38. Rd5
Nxa5 39. Nxc5 Nc6 40. Nxa6 Ra8 41. Nc5 Ra2+ 42. R1d2 Rxd2+ 43. Rxd2 Kf8 44.
d7 Nb8 45. Ke3 Ke7 46. Kf4 h6 47. Re2+ Kf8 48. Rd2 Ke7 49. g4 Nxd7 50.
Rxd7+ Rxd7 51. Nxd7 Kxd7 52. Ke5 Ke7 53. f4 f6+ 54. Kd5 Kd7 55. f5 gxf5 56.
gxf5 h5 57. h4 Ke7 58. Ke4 1-0

[Event "38th Olympiad"]
[Site "Dresden GER"]
[Date "2008.11.25"]
[Round "11"]
[White "Paciencia,E"]
[Black "Megaranto,S"]
[Result "0-1"]
[WhiteElo "2440"]
[BlackElo "2536"]
[EventDate "2008.11.13"]

1. d4 d5 2. c4 c6 3. Nf3 Nf6 4. Nc3 a6 5. a4 e6 6. Bg5 a5 7. e3 Be7 8. Be2
O-O 9. O-O Na6 10. Ne5 Nd7 11. Bf4 Nxe5 12. Bxe5 Bd6 13. Bxd6 Qxd6 14. Qd2
Nb4 15. e4 Bd7 16. Rfd1 Rfd8 17. Rac1 Be8 18. Qe3 Rac8 19. b3 b6 20. f4 f5
21. cxd5 cxd5 22. exf5 exf5 23. Qe5 Qxe5 24. fxe5 Kf7 25. Rf1 Ke6 26. g4 g6
27. gxf5+ gxf5 28. Bb5 Bh5 29. Kf2 Rg8 30. Ke3 Rg2 31. Rf2 Rg4 32. Be2 f4+
33. Kd2 f3 34. Bxf3 Rxd4+ 35. Ke2 Nd3 36. Ke3 Nxc1 37. Kxd4 Nxb3+ 38. Kd3
Bg6+ 0-1

[Event "38th Olympiad"]
[Site "Dresden GER"]
[Date "2008.11.25"]
[Round "11"]
[White "Irwanto,S"]
[Black "Goh Weiming"]
[Result "1/2-1/2"]
[WhiteElo "2441"]
[BlackElo "2420"]
[EventDate "2008.11.13"]

1. d4 d5 2. Nf3 c6 3. c4 e6 4. e3 Nf6 5. Bd3 Nbd7 6. O-O Be7 7. Nbd2 O-O 8.
b3 b6 9. Bb2 Bb7 10. Qe2 c5 11. Rad1 Ne4 12. Ne5 Nxd2 13. Rxd2 cxd4 14.
Nxd7 Qxd7 15. Bxd4 Bb4 16. Rdd1 Qe7 17. Qc2 g6 18. Qb2 f6 19. cxd5 Bxd5 20.
e4 Bb7 21. f3 Rad8 22. Kh1 Kg7 23. Bc4 e5 24. Be3 Rxd1 25. Rxd1 Rd8 26. Qc1
Rxd1+ 27. Qxd1 Qd6 28. Qc1 h5 29. h3 h4 30. Bf2 g5 31. Be3 Kf8 32. Qc2 Bc5
33. Bxc5 Qxc5 34. Qd3 Ke7 35. Bb5 Bc8 36. Bc4 1/2-1/2

[Event "38th Olympiad"]
[Site "Dresden GER"]
[Date "2008.11.25"]
[Round "11"]
[White "Chan Wei Xuan,T"]
[Black "Purnama,T"]
[Result "1/2-1/2"]
[WhiteElo "2264"]
[BlackElo "2417"]
[EventDate "2008.11.13"]

1. e4 e5 2. Nf3 Nc6 3. d4 exd4 4. Nxd4 Nf6 5. Nxc6 bxc6 6. e5 Qe7 7. Qe2
Nd5 8. c4 Ba6 9. b3 g6 10. f4 Bg7 11. Qf2 Nf6 12. Be2 Ne4 13. Qe3 f5 14.
Bf3 d5 15. Ba3 Qe6 16. Nc3 Kf7 17. O-O-O Rhd8 18. g4 Nxc3 19. Qxc3 fxg4 20.
cxd5 cxd5 21. Bg2 c6 22. h3 Kg8 23. Qg3 Bc8 24. Qh4 Re8 25. hxg4 Qxg4 26.
Qxh7+ Kf7 27. Bh3 Qxf4+ 28. Rd2 Bxh3 29. Qxh3 Rh8 30. Qd7+ Kg8 31. Qe6+ Qf7
32. Rxh8+ Bxh8 33. Qxc6 Re8 34. Qxd5 Qxd5 35. Rxd5 Bxe5 36. Rd7 Bf4+ 37.
Kd1 Be3 38. Bc1 Bb6 39. a4 Re4 40. Bb2 Rg4 41. Bc3 Rg3 42. Kc2 g5 43. a5
Bg1 44. b4 g4 45. b5 Rg2+ 46. Kb3 g3 47. b6 Bxb6 48. axb6 axb6 49. Rg7+ Kf8
50. Rg4 Ke7 51. Be5 Kd7 52. Bxg3 Kc6 53. Rc4+ Kb5 54. Rc3 Rg1 55. Be5 Re1
56. Bd6 Rd1 57. Ba3 Rd5 58. Rh3 Rf5 59. Bb2 Rg5 60. Rh4 Rd5 61. Bc3 Rf5 62.
Rb4+ Kc6 63. Bd4 Rb5 1/2-1/2

[Event "38th Olympiad"]
[Site "Dresden GER"]
[Date "2008.11.25"]
[Round "11"]
[White "Farid,F"]
[Black "Chan Yi Ren,D"]
[Result "0-1"]
[WhiteElo "2154"]
[BlackElo "2260"]
[EventDate "2008.11.13"]

1. e4 e5 2. Nf3 Nc6 3. Bb5 Nge7 4. Nc3 Ng6 5. d4 exd4 6. Nxd4 Bc5 7. Nf5
O-O 8. O-O d6 9. Kh1 a6 10. Ba4 Nh4 11. b4 Nxb4 12. Ng3 f5 13. Bb3+ Kh8 14.
exf5 Nxf5 15. Nge4 Nd4 16. a3 Nbc6 17. Qh5 Nxb3 18. cxb3 Bf5 19. Nxc5 dxc5
20. Be3 Nd4 21. Rad1 Qd7 22. Rd2 Qc6 23. Rb2 Nc2 24. Rc1 Nxe3 25. fxe3 Rae8
26. Qg5 h6 27. Qg3 b6 28. h3 Rf6 29. Rf1 Bxh3 30. Rbf2 Rxf2 31. Rxf2 Be6
32. Qg6 Bd5 33. Qc2 Be4 34. Qe2 Qe6 35. Nxe4 Qxe4 36. Qxa6 Qb1+ 37. Rf1
Qxb3 38. Qa7 Qd3 39. Rf3 Qd1+ 40. Kh2 Qd6+ 41. Kg1 Qc6 42. Qa6 c4 43. Rf4
Qc5 44. Qxc4 Qxe3+ 45. Kh2 Qe5 46. Kg1 Rd8 47. Re4 Qg3 48. Qc2 Qd6 49. Qc4
Qxa3 50. Qxc7 Qc5+ 51. Qxc5 bxc5 52. Rc4 Rc8 53. Kf2 Kg8 54. Ke3 Kf7 55.
Ke4 Ke6 56. g4 Rc7 57. Kd3 Rd7+ 58. Kc3 Rd4 59. Rxd4 cxd4+ 60. Kxd4 Kf6 61.
Ke4 Kg5 62. Kf3 Kh4 63. Kf4 g5+ 0-1

[Event "38th Olympiad"]
[Site "Dresden GER"]
[Date "2008.11.25"]
[Round "11"]
[White "Iturrizaga,E"]
[Black "Miezis,N"]
[Result "1/2-1/2"]
[WhiteElo "2538"]
[BlackElo "2552"]
[EventDate "2008.11.13"]

1. d4 Nf6 2. c4 e6 3. Nf3 Bb4+ 4. Nbd2 c5 5. a3 Bxd2+ 6. Bxd2 cxd4 7. Nxd4
d5 8. cxd5 Qxd5 9. e3 O-O 10. Bb4 Re8 11. Nb5 Na6 12. Bc3 Rd8 13. Bxf6 gxf6
14. Qxd5 Rxd5 15. b4 Rd8 16. Rc1 Bd7 17. Nd6 Bc6 18. Nxf7 Kxf7 19. b5 Bxb5
20. Bxb5 Rac8 21. Ke2 Nc5 22. Rc3 b6 23. Rhc1 Rd6 24. Rd3 Rxd3 25. Bxd3 f5
26. Bb1 Kf6 27. Rc4 Rc7 28. g4 b5 29. Rf4 Na4 30. Bd3 Rc5 31. gxf5 exf5 32.
Rh4 Rd5 33. Bc2 Nc3+ 34. Ke1 Kg6 35. Rg4+ Kf6 36. Rg8 Rc5 37. Ra8 Na2 38.
Kd2 Rd5+ 39. Bd3 b4 40. Rxa7 bxa3 41. Rxa3 Nb4 42. Ke2 Nxd3 43. Rxd3 Ra5
44. Rd6+ Kg5 45. Kf3 h5 46. Kg3 h4+ 47. Kh3 f4 48. exf4+ Kxf4 49. Kxh4 Rf5
50. Rg6 Rf8 51. Kh5 Ke5 52. Rg5+ Ke6 53. Rg6+ Ke5 54. Rg5+ Ke6 55. Rg2 Kf5
56. Kh4 Kf4 57. Rg5 Kf3 58. h3 Rf4+ 59. Kh5 Kxf2 60. h4 Kf3 61. Re5 Ra4 62.
Kg5 Rg4+ 63. Kh5 Ra4 64. Rg5 Rb4 65. Rg1 Rb8 66. Rg7 Rb4 67. Rg6 Ra4 68.
Rb6 Kg3 69. Rb3+ Kf4 70. Rb5 Kg3 71. Rb3+ Kf4 72. Rc3 Ra5+ 73. Kg6 Ra6+ 74.
Kg7 Ra7+ 1/2-1/2

[Event "38th Olympiad"]
[Site "Dresden GER"]
[Date "2008.11.25"]
[Round "11"]
[White "Sveshnikov,E"]
[Black "Alvarez Marquez,J"]
[Result "1/2-1/2"]
[WhiteElo "2525"]
[BlackElo "2430"]
[EventDate "2008.11.13"]

1. e4 c6 2. d4 d5 3. exd5 cxd5 4. Nf3 Nf6 5. Bf4 Nc6 6. c3 Bf5 7. Qb3 Qc8
8. Nbd2 h6 9. Be2 e6 10. O-O Be7 11. c4 O-O 12. c5 Nd7 13. Qc3 a5 14. Bb5
Re8 15. a3 a4 16. Rfe1 Bd8 17. h3 Ra5 18. Bf1 Bc7 19. Bxc7 Qxc7 20. Rac1 f6
21. Ra1 e5 22. b4 axb3 23. Nxb3 Raa8 24. Bb5 e4 25. Nfd2 Be6 26. a4 f5 27.
a5 Ndb8 28. Ra3 Na6 29. Na1 f4 30. Nc2 Rf8 31. Bxc6 bxc6 32. Rb1 Rf6 33.
Nb4 Rg6 34. Nxa6 Rxa6 35. Qb2 e3 36. Qb8+ Qxb8 37. Rxb8+ Kh7 38. Nf3 Bxh3
39. Ne1 Bxg2 40. Nxg2 f3 41. fxe3 Rxg2+ 42. Kf1 h5 43. Rf8 Rb2 44. Rxf3 g5
45. e4 dxe4 46. Rfe3 Kg6 47. Rxe4 Kf5 48. Re5+ Kf4 49. Re6 h4 50. d5 h3 51.
Rxh3 Rxa5 52. dxc6 Rxc5 53. Rhe3 g4 54. Re2 Rxe2 55. Kxe2 Kg3 56. Kd3 Kf2
57. Re2+ Kf3 58. Rc2 Rd5+ 59. Kc4 Rd8 1/2-1/2

[Event "38th Olympiad"]
[Site "Dresden GER"]
[Date "2008.11.25"]
[Round "11"]
[White "Prasca Sosa,R"]
[Black "Meijers,V"]
[Result "0-1"]
[WhiteElo "2410"]
[BlackElo "2514"]
[EventDate "2008.11.13"]

1. e4 c5 2. Nf3 e6 3. d4 cxd4 4. Nxd4 a6 5. Nc3 b5 6. Bd3 Bb7 7. O-O b4 8.
Nb1 Qc7 9. Nd2 Nf6 10. Qe2 Bc5 11. N4f3 Nc6 12. e5 Ng4 13. Nc4 f6 14. Bf4
O-O 15. h3 fxe5 16. Bg3 Nf6 17. Ncxe5 Nxe5 18. Nxe5 d6 19. Nf3 e5 20. Kh1
Qc6 21. Bc4+ Kh8 22. Rad1 Rae8 23. Bh4 d5 24. Bxf6 dxc4 25. Bh4 Qh6 26.
Qxc4 Bxf3 27. gxf3 e4 28. Qxc5 Qxh4 29. Kg2 Rxf3 30. Rh1 Ref8 0-1

[Event "38th Olympiad"]
[Site "Dresden GER"]
[Date "2008.11.25"]
[Round "11"]
[White "Samolins,V"]
[Black "Sequera Paolini,J"]
[Result "1/2-1/2"]
[WhiteElo "2444"]
[BlackElo "2398"]
[EventDate "2008.11.13"]

1. e4 e6 2. d3 d5 3. Nd2 c5 4. g3 Bd6 5. Qg4 Nf6 6. Qxg7 Rg8 7. Qh6 Nc6 8.
c3 b6 9. Qe3 Ba6 10. f4 dxe4 11. dxe4 Bxf1 12. Nxf1 c4 13. e5 Bc5 14. Qe2
Nd5 15. Qxc4 Nce7 16. Qa4+ Kf8 17. Nf3 a6 18. Ng5 Rxg5 19. fxg5 Nxc3 20.
bxc3 Qd5 21. Qf4 Qxh1 22. Be3 Bxe3 23. Qxe3 Nd5 24. Qd3 Rc8 25. Rc1 b5 26.
Kf2 b4 27. c4 Nc3 28. Re1 Kg8 29. a3 a5 30. h4 Qc6 31. Nd2 Qb6+ 32. Qe3 Qc7
33. h5 Rd8 34. axb4 axb4 35. Kg2 Rd7 36. Kh3 Qd8 37. Nf3 Rd3 38. Qf4 b3 39.
g6 fxg6 40. hxg6 hxg6 41. Qg4 Qe8 42. Ng5 b2 43. Ne4 Nxe4 44. Qxe4 Rb3 45.
Qc2 Rb7 46. Rb1 Rh7+ 47. Kg4 g5 48. Kf3 Qf8+ 49. Ke3 Qc5+ 50. Ke4 Rh3 51.
Qb3 Qc6+ 52. Kd4 Qd7+ 53. Kc5 Qc7+ 54. Kd4 Qa7+ 55. c5 Qd7+ 56. Ke4 Qh7+
57. Kd4 Qd7+ 58. Ke4 Qh7+ 59. Kd4 Qxb1 60. Qxe6+ Kg7 61. Qf6+ Kh7 62. Qf7+
Kh6 63. Qe6+ Qg6 64. Qxh3+ Kg7 65. Qd7+ Qf7 66. Qb5 Qf2+ 67. Kc3 b1=Q 68.
Qxb1 Qxc5+ 69. Kd2 Qf2+ 70. Kc3 Qc5+ 71. Kd2 Qxe5 72. Qe1 Qd4+ 73. Ke2 Kg6
74. Kf3 Qd3+ 75. Kg2 Qd5+ 76. Kf2 Kf5 77. Qc3 g4 78. Qc8+ Kg5 79. Qc1+
1/2-1/2

[Event "38th Olympiad"]
[Site "Dresden GER"]
[Date "2008.11.25"]
[Round "11"]
[White "Gonzalez,Be CRC"]
[Black "Navara,D"]
[Result "0-1"]
[WhiteElo "2432"]
[BlackElo "2633"]
[EventDate "2008.11.13"]

1. e4 c5 2. Nc3 e6 3. f4 d5 4. Bb5+ Bd7 5. Bxd7+ Qxd7 6. Nf3 Nc6 7. d3 Nge7
8. O-O g6 9. exd5 Nxd5 10. Ne4 f5 11. Neg5 O-O-O 12. Qe2 Re8 13. c4 h6 14.
cxd5 exd5 15. Qf2 hxg5 16. Nxg5 Nb4 17. Rd1 Qb5 18. Qf3 c4 19. dxc4 Bc5+
20. Kh1 dxc4 21. b3 Nd3 22. bxc4 Qxc4 23. Ba3 Re3 24. Rxd3 Rxd3 0-1

[Event "38th Olympiad"]
[Site "Dresden GER"]
[Date "2008.11.25"]
[Round "11"]
[White "Laznicka,V"]
[Black "Valdes,Le"]
[Result "1-0"]
[WhiteElo "2591"]
[BlackElo "2401"]
[EventDate "2008.11.13"]

1. e4 d6 2. d4 Nf6 3. Nc3 g6 4. Be3 Bg7 5. h3 O-O 6. Nf3 a6 7. a4 Nc6 8.
Be2 e5 9. dxe5 Nxe5 10. O-O Nxf3+ 11. Bxf3 Re8 12. a5 Rb8 13. Re1 Nd7 14.
Qd2 Ne5 15. Be2 Be6 16. f4 Nc6 17. Bf3 f5 18. Bf2 Kh8 19. exf5 Bxf5 20.
Rxe8+ Qxe8 21. Re1 Qf7 22. Nd5 Rf8 23. b4 Be6 24. Nxc7 Bxh3 25. Nxa6 Bc8
26. b5 Nd8 27. Nb4 Qc4 28. Qxd6 Qxb5 29. Bd4 Re8 30. Kf2 Ne6 31. Bxg7+ Kxg7
32. Nd5 Kf7 33. Qe5 Qc5+ 34. Kg3 Qd4 35. Nb6 Qxe5 36. Rxe5 Kf6 37. Nxc8 1-0

[Event "38th Olympiad"]
[Site "Dresden GER"]
[Date "2008.11.25"]
[Round "11"]
[White "Stocek,J"]
[Black "Vargas Serano,P"]
[Result "1-0"]
[WhiteElo "2578"]
[BlackElo "1829"]
[EventDate "2008.11.13"]

1. e4 e5 2. Bc4 Nc6 3. Nc3 Nf6 4. d3 Bc5 5. f4 d6 6. Nf3 Bg4 7. Na4 a6 8.
Nxc5 dxc5 9. O-O Qe7 10. h3 Bxf3 11. Qxf3 Nd7 12. Qf2 O-O-O 13. Bd5 Nb4 14.
Bb3 f6 15. a3 Nc6 16. Bd5 Qd6 17. Be3 b6 18. Rad1 Ne7 19. Ba2 Rdf8 20. c3
g5 21. fxg5 fxg5 22. Qe2 Kb7 23. Bxg5 Ng6 24. Bh6 Nf4 25. Bxf4 exf4 26. d4
Qg6 27. e5 Qg5 28. Bd5+ c6 29. Bf3 Re8 30. Qe4 Re6 31. d5 Rxe5 32. dxc6+
Kb8 33. c7+ 1-0